| 000 | 00577nam a2200181Ia 4500 | ||
|---|---|---|---|
| 003 | GCL | ||
| 008 | 140319s9999 xx 000 0 ara d | ||
| 040 |
_aGCL / _cGCL |
||
| 082 | 0 | 4 |
_a922.1 _bي ا |
| 100 | 1 | _aيوسف القرضاوى | |
| 245 | 1 | 0 |
_aابن القرية والكتاب : _bملامح سيرة ومسيرة / _cيوسف القرضاوى |
| 250 | _aالاولى | ||
| 260 |
_aالقاهرة : _bدار الشروق ، _c2002 |
||
| 300 |
_a503 ص ؛ _c24 سم |
||
| 650 | 0 | 4 | _aالرجال - تراجم |
| 650 | 0 | 4 | _aيوسف القرضاوى |
| 942 |
_2ddc _cBK |
||
| 999 |
_c5082 _d5082 |
||